000 00703nam a2200205Ia 4500
003 GCL
008 140319s9999 xx 000 0 ara d
040 _aGCL /
_cGCL
082 0 4 _aط
_b813.02
_bو ا
100 1 _aوحدة ثقافة الطفل بشركة سيد
245 1 0 _aماذا يقوا المسلم الصغير /
_cوحدة ثقافة الطفل بشركة سيد
700 1 _aوحدة ثقافة الطفل بشركة سفير
260 _a[S.N] :
_bثقافة الطفل بشركة سيد ،
_c1987
300 _a16 ص
490 _aسلسلة احباب الرحمن
_v0
650 0 4 _aالاطفال
650 0 4 _aالقصص
650 0 4 _aقصص الاطفال
942 _2ddc
_cBK
999 _c56355
_d56355